Genshin Impact Playable Characters - Statistics

General Stats
  • This quiz has been taken 741 times
    472 since last reset
  • The average score is 41 of 50
Answer Stats
Element Weapon Type Region Answer % Correct
Anemo Sword Mondstadt Jean
98%
Anemo Bow Mondstadt Venti
98%
Pyro Bow Mondstadt Amber
94%
Pyro Claymore Mondstadt Diluc
93%
Anemo Catalyst Mondstadt Sucrose
93%
Anemo Polearm Liyue Xiao
93%
Pyro Sword Mondstadt Bennett
90%
Anemo Sword Inazuma Kazuha
90%
Hydro Bow Snezhnaya Tartaglia
90%
Electro Catalyst Mondstadt Lisa
89%
Pyro Catalyst Mondstadt Klee
88%
Hydro Catalyst Mondstadt Barbara
87%
Anemo Claymore Inazuma Sayu
87%
Electro Polearm Inazuma Raiden Shogun
86%
Pyro Catalyst Liyue Yanfei
86%
Hydro Sword Inazuma Ayato
85%
Hydro Catalyst Inazuma Kokomi
85%
Hydro Catalyst Mondstadt Mona
84%
Pyro Polearm Inazuma Thoma
84%
Pyro Polearm Liyue Xiangling
84%
Hydro Sword Liyue Xingqiu
84%
Pyro Bow Inazuma Yoimiya
84%
Pyro Polearm Liyue Hu Tao
83%
Anemo/Cryo/Electro Sword N/A Traveler
83%
Pyro Claymore Liyue Xinyan
83%
Electro Claymore Liyue Beidou
82%
Cryo Sword Mondstadt Kaeya
82%
Geo Polearm Liyue Zhongli
82%
Electro Bow Mondstadt Fischl
81%
Electro Sword Liyue Keqing
81%
Electro Bow Inazuma Kujou Sara
81%
Electro Claymore Mondstadt Razor
80%
Electro Catalyst Inazuma Yae Miko
80%
Hydro Bow Liyue Yelan
79%
Cryo Claymore Liyue Chongyun
77%
Cryo Bow Mondstadt Diona
77%
Cryo Bow Liyue Ganyu
77%
Geo Bow Inazuma Gorou
77%
Geo Claymore Inazuma Arataki Itto
76%
Cryo Sword Inazuma Ayaka
76%
Cryo Claymore Mondstadt Eula
76%
Geo Sword Mondstadt Albedo
75%
Geo Catalyst Liyue Ningguang
75%
Geo Claymore Mondstadt Noelle
74%
Cryo Polearm Liyue Shenhe
74%
Cryo Polearm Mondstadt Rosaria
73%
Cryo Sword Liyue Qiqi
71%
Cryo Bow N/A Aloy
68%
Geo Polearm Liyue Yun Jin
68%
Electro Sword Inazuma Kuki Shinobu
66%
No matching quizzes found
Score Distribution
Percent of People with Each Score
Percentile by Number Answered
Your Score History
You have not taken this quiz since the last reset